000 00845nam a2200205 i 4500
001 23945
003 ES-MaACL
005 20250809063452.0
008 020720s2018 sp a s |||| | spa d
100 1 _aHerrán Acebes, Alfonso
_9138860
245 1 0 _aBajo los símbolos de la cultura [
_hRecurso electrónico]
_b: una techumbre para el templo del saber /
_cAlfonso Herrán Acebes.
260 _a[Madrid :
_bUCM,
_c2018]
300 _a[12 p. :
_bil. col. ;
_c30 cm]
595 _aPublicado en la revista E-Innova BUCM, n. 68, enero-febrero 2018.
600 1 4 _aMélida y Alinari, Arturo,
_d1849-1902
_979968
610 2 4 _aAteneo de Madrid-
_vHistoria
_91925
710 2 _aUniversidad Complutense de Madrid.
_97098
856 _uhttp://webs.ucm.es/BUCM/revcul//e-learning-innova/209/art3128.pdf
_zE-Innova BUCM
999 _c23945
_d23945